000 00311nam a2200133Ia 4500
008 221030s9999 xx 000 0 und d
041 _aEnglish
082 _a105.23
100 _aRomi Gupta/317
245 0 _aGLADNI GRID STATION (520 MVA, 220/132/33MKV)
260 _aJammu
_c2001
650 _aEE
942 _cTH
999 _c4209
_d4209